Millenniumi zászló Magyarországról "tovább zörgetünk a mennyek kapuján", hogy végre legyen magyar főpásztorunk

Podrobná bibliografia
Hlavný autor: Kamoncza, Márta 1963- (Autor)
Médium: Článok
Jazyk:maďarčina
Predmet:

MARC

LEADER 00000nab a2200000 a 4500
001 vtls000725930
003 SK-MaSNL
005 20260318114702.0
008 160405c2000 xo 0 hun
015 |a SNBRB2000/06-17532 
035 |a CLN000078090 
040 |a SNKBUCL  |b slo  |c SNKBUCL  |e AACR2 
041 0 |a hun 
044 |a xo  |c SK 
080 |a 264:282  |2 1997 
080 |a 282  |2 1997 
100 1 |a Kamoncza, Márta  |d 1963-  |4 aut  |9 849024 
245 1 0 |a Millenniumi zászló Magyarországról  |b "tovább zörgetünk a mennyek kapuján", hogy végre legyen magyar főpásztorunk  |c Kamoncza Márta 
611 1 7 |a Komárňanský deň modlitby  |n 11.  |d 2000  |c Komárno, Slovensko  |2 snkbucl  |9 1615485 
651 7 |a Komárno (Slovensko : okres)  |2 snkbucl  |9 15954 
655 7 |a články z novín a časopisov  |2 snkbucl  |9 267496 
773 0 |t Új szó  |g Roč. 53, č. 110 (15.5.2000), s. 1 
850 |a Slovenská národná knižnica v Martine 
852 |a SNK  |b KIS3GCP 
958 |a HU 
958 |a SK 
958 |a RBX 
999 |c 3328613  |d 3330543